[Event "COL-ch Cat D U1800"]
[Site "Medellin"]
[Date "2021.06.11"]
[Round "3"]
[White "Martinez Serna, Maria Luisa"]
[Black "Alvarez, Carlos F"]
[Result "1/2-1/2"]
[WhiteElo "1345"]
[BlackElo "1791"]
[PlyCount "33"]
[EventDate "2021.06.10"]
[EventType "swiss"]
[EventRounds "7"]
[EventCountry "COL"]
[SourceTitle "EXT 2022"]
[Source "ChessBase"]
[SourceDate "2021.10.06"]
[SourceVersion "1"]
[SourceVersionDate "2021.10.06"]
[SourceQuality "1"]

1. d4 Nf6 2. Bf4 d6 3. Nf3 g6 4. h3 Bg7 5. e3 b6 6. c4 c5 7. Nc3 0-0 8. Be2 Bb7 9. 0-0 Nc6 10. d5 Na5 11. Qc2 Nd7 12. a3 Rc8 13. Rac1 a6 14. Na2 b5 15. b3 Qb6 16. e4 bxc4 17. bxc4 1/2-1/2

[Event "Medellin Antioquia 2nd League"]
[Site "Medellin"]
[Date "2021.??.??"]
[Round "6"]
[White "Narvaez Berrio, Alexander"]
[Black "Martinez Serna, Maria Luisa"]
[Result "0-1"]
[WhiteElo "1379"]
[BlackElo "1365"]
[PlyCount "52"]
[EventDate "2021.08.31"]
[EventType "swiss"]
[EventRounds "7"]
[EventCountry "COL"]
[SourceTitle "CBM 204 Extra"]
[Source "ChessBase"]
[SourceDate "2021.11.30"]
[SourceVersion "1"]
[SourceVersionDate "2021.11.30"]
[SourceQuality "1"]

1. d4 d5 2. Bf4 Nf6 3. e3 Bf5 4. Bd3 Bg6 5. Bxg6 hxg6 6. Nd2 Nh5 7. Ne2 e6 8. h3 Nxf4 9. Nxf4 c5 10. c3 Nc6 11. Nf3 Bd6 12. Ne2 Qb6 13. Qc2 Rc8 14. 0-0 0-0 15. Rab1 cxd4 16. exd4 Qa6 17. a3 Na5 18. Qd1 Nc4 19. a4 b5 20. axb5 Qxb5 21. Qd3 Rb8 22. b3 Na3 23. c4 dxc4 24. bxc4 Qxb1 25. Qe3 Nxc4 26. Qg5 Qf5 0-1

[Event "Medellin Antioquia 2nd League"]
[Site "Medellin"]
[Date "2021.??.??"]
[Round "3"]
[White "Ruiz Agudelo, Jeronimo"]
[Black "Martinez Serna, Maria Luisa"]
[Result "1-0"]
[WhiteElo "1600"]
[BlackElo "1365"]
[PlyCount "60"]
[EventDate "2021.08.31"]
[EventType "swiss"]
[EventRounds "7"]
[EventCountry "COL"]
[SourceTitle "CBM 204 Extra"]
[Source "ChessBase"]
[SourceDate "2021.11.30"]
[SourceVersion "1"]
[SourceVersionDate "2021.11.30"]
[SourceQuality "1"]

1. e4 e5 2. Nf3 Nc6 3. Bb5 Bc5 4. 0-0 Nd4 5. Nxd4 Bxd4 6. c3 Bb6 7. d4 c6 8. Ba4 d6 9. Bb3 Nf6 10. Re1 0-0 11. Bg5 h6 12. Bh4 g5 13. Bg3 Re8 14. Qd3 Nh5 15. Qf3 Nf4 16. Bxf4 gxf4 17. Nd2 Qg5 18. Nc4 Bc7 19. h3 Kh7 20. dxe5 dxe5 21. Rad1 Be6 22. Nd6 Bxb3 23. axb3 Bxd6 24. Rxd6 Rad8 25. Red1 Qe7 26. Qd3 Rxd6 27. Qxd6 Qg5 28. Qd3 Rg8 29. Qf3 Rd8 30. Rxd8 Qxd8 1-0